[Event "España tch - División de Honor 2012"]
[Site "Leon ESP"]
[Date "2012.11.06"]
[Round "2.36"]
[White "De La Villa Garcia, Jesus Maria"]
[Black "Hernando Pertierra, Jose Carlos"]
[Result "1-0"]
[WhiteElo "2463"]
[BlackElo "2375"]
[PlyCount "73"]
[EventDate "2012.11.05"]
[EventType "team"]
[EventRounds "7"]
[EventCountry "ESP"]
[Source "lmi"]
[SourceDate "2012.11.05"]
[WhiteTeam "C.A. Solvay"]
[BlackTeam "Equigoma Caja Social Catolica"]

1. e4 g6 2. d4 Bg7 3. Nf3 c6 4. Nc3 d6 5. Be3 Nd7 6. Qd2 b5 7. a4 b4 8. Ne2 a5
9. Ng3 h5 10. Bd3 h4 11. Ne2 h3 12. gxh3 Ba6 13. Ng5 Bxd3 14. Qxd3 Qc8 15. Rg1
Nh6 16. h4 Nf6 17. f3 Qa6 18. Qd2 Nh5 19. Ng3 Ng8 20. O-O-O Rd8 21. f4 Ngf6 22.
e5 dxe5 23. fxe5 Nd5 24. e6 Bh6 25. exf7+ Kd7 26. Nxh5 gxh5 27. b3 Kc8 28. Rgf1
Kb7 29. Rde1 Kb6 30. Bf4 Rhf8 31. Be5 Qc8 32. Qe2 Nf6 33. Bxf6 exf6 34. Rxf6
Bg7 35. Qb5+ Ka7 36. Rxc6 Rd7 37. Rh1 1-0

[Event "España tch - División de Honor 2012"]
[Site "Leon ESP"]
[Date "2012.11.06"]
[Round "2.42"]
[White "Van Wely, Loek"]
[Black "Jerez Perez, Alfonso"]
[Result "1-0"]
[WhiteElo "2691"]
[BlackElo "2411"]
[PlyCount "81"]
[EventDate "2012.11.05"]
[EventType "team"]
[EventRounds "7"]
[EventCountry "ESP"]
[Source "lmi"]
[SourceDate "2012.11.05"]
[WhiteTeam "Gros Xake-Taldea"]
[BlackTeam "C.E. Foment Martinenc"]

1. c4 Nf6 2. Nc3 d5 3. cxd5 Nxd5 4. g3 g6 5. Bg2 Nb6 6. d4 Bg7 7. Nf3 Nc6 8. e3
O-O 9. O-O Re8 10. d5 Na5 11. Nd4 Bd7 12. e4 c5 13. Nb3 Nxb3 14. axb3 e6 15.
Bf4 exd5 16. exd5 Bf5 17. g4 Bxc3 18. bxc3 Be4 19. c4 Bxg2 20. Kxg2 Qf6 21. Qf3
Nd7 22. Rfe1 a6 23. Qg3 Rac8 24. h4 b5 25. Bg5 Qb2 26. Qd6 Nf8 27. Qxa6 Qd4 28.
f3 bxc4 29. Qxc4 Qb2+ 30. Kg3 Nd7 31. Rab1 Qg7 32. d6 h6 33. Be7 Rb8 34. Qa4
Rb7 35. Qc6 Reb8 36. Bd8 Qc3 37. Rbc1 Qd4 38. Rcd1 Qc3 39. Bc7 Rxb3 40. Bxb8
Rb2 41. Qxd7 1-0

[Event "España tch - División de Honor 2012"]
[Site "Leon ESP"]
[Date "2012.11.06"]
[Round "2.43"]
[White "Valdes, Leonardo"]
[Black "Bauer, Christian"]
[Result "0-1"]
[WhiteElo "2414"]
[BlackElo "2639"]
[PlyCount "76"]
[EventDate "2012.11.05"]
[EventType "team"]
[EventRounds "7"]
[EventCountry "ESP"]
[Source "lmi"]
[SourceDate "2012.11.05"]
[WhiteTeam "C.E. Foment Martinenc"]
[BlackTeam "Gros Xake-Taldea"]

1. Nf3 c5 2. c4 Nc6 3. g3 g6 4. Bg2 Bg7 5. Nc3 b6 6. O-O Bb7 7. e3 Bxc3 8. bxc3
d6 9. d3 Qd7 10. e4 O-O-O 11. Ng5 e6 12. h4 h6 13. Nh3 Nge7 14. Bd2 f6 15. f4
f5 16. Nf2 fxe4 17. Nxe4 Nf5 18. Kh2 Rhf8 19. Re1 Kb8 20. Re2 d5 21. cxd5 exd5
22. Nf2 g5 23. Nh1 gxh4 24. g4 Nfe7 25. Rf2 d4 26. c4 h5 27. g5 Nf5 28. Bh3 Qd6
29. Bxf5 Rxf5 30. Qxh5 Nb4 31. Qg4 Rdf8 32. Qh3 Rxg5 33. Rg1 Rxg1 34. Kxg1 Qg6+
35. Kh2 Rg8 36. Qf1 Nxd3 37. Re2 Qg4 38. f5 Bf3 0-1

[Event "España tch - División de Honor 2012"]
[Site "Leon ESP"]
[Date "2012.11.06"]
[Round "2.44"]
[White "Hamdouchi, Hichem"]
[Black "L'Ami, Alina"]
[Result "1/2-1/2"]
[WhiteElo "2623"]
[BlackElo "2381"]
[PlyCount "90"]
[EventDate "2012.11.05"]
[EventType "team"]
[EventRounds "7"]
[EventCountry "ESP"]
[Source "lmi"]
[SourceDate "2012.11.05"]
[WhiteTeam "Gros Xake-Taldea"]
[BlackTeam "C.E. Foment Martinenc"]

1. e4 c5 2. Nf3 d6 3. d4 cxd4 4. Nxd4 Nf6 5. Nc3 a6 6. Bc4 e6 7. O-O Be7 8. Qf3
Qc7 9. Bb3 b5 10. Qg3 Nc6 11. Nxc6 Qxc6 12. Re1 Bb7 13. a3 O-O 14. Bh6 Ne8 15.
Rad1 Kh8 16. Bg5 Bxg5 17. Qxg5 Nf6 18. Rd3 Qc5 19. Qd2 Rfd8 20. Rd4 Rd7 21. Ba2
Rad8 22. b4 Qc8 23. Rd3 d5 24. exd5 Bxd5 25. Bxd5 Nxd5 26. Ne4 Nb6 27. Nc5 Rxd3
28. cxd3 Qa8 29. h3 h6 30. Qf4 Kg8 31. Qg4 Qd5 32. Re3 Qg5 33. Qxg5 hxg5 34.
Rg3 Nd5 35. Rxg5 Nf4 36. Nxa6 f5 37. Nc5 Kf7 38. Kh2 Ra8 39. Rg3 Rxa3 40. d4
Ra2 41. Nb7 Rxf2 42. Nd6+ Kf6 43. Ne8+ Kf7 44. Nd6+ Kf6 45. Ne8+ Kf7 1/2-1/2

[Event "España tch - División de Honor 2012"]
[Site "Leon ESP"]
[Date "2012.11.06"]
[Round "2.46"]
[White "Franco Alonso, Alejandro"]
[Black "Sanchez Ibern, Marc"]
[Result "1/2-1/2"]
[WhiteElo "2476"]
[BlackElo "2332"]
[PlyCount "93"]
[EventDate "2012.11.05"]
[EventType "team"]
[EventRounds "7"]
[EventCountry "ESP"]
[Source "lmi"]
[SourceDate "2012.11.05"]
[WhiteTeam "Gros Xake-Taldea"]
[BlackTeam "C.E. Foment Martinenc"]

1. Nf3 Nf6 2. c4 g6 3. Nc3 d5 4. Qa4+ Nc6 5. cxd5 Nxd5 6. Ne5 Qd6 7. Nxc6 Qxc6
8. Qxc6+ bxc6 9. g3 Bg7 10. Bg2 Be6 11. Na4 Nb4 12. O-O O-O 13. Be4 Nxa2 14.
Bxc6 Rab8 15. Bf3 Nxc1 16. Rfxc1 Rxb2 17. Nxb2 Bxb2 18. Rcb1 Bxa1 19. Rxa1 Rd8
20. d3 Bd5 21. Bxd5 Rxd5 22. Rxa7 Rc5 23. Kg2 Kg7 24. h4 h5 25. Kf3 Kf6 26.
Ra6+ c6 27. e4 Rc1 28. Ke3 e6 29. Ra7 Re1+ 30. Kd2 Rf1 31. Ke2 Rc1 32. Rc7 Rc2+
33. Ke3 Rc1 34. Kf4 Rc2 35. e5+ Kg7 36. Ke3 Rc5 37. d4 Rc3+ 38. Kd2 Rc4 39. Kd3
Rc1 40. Kd2 Rc4 41. Rd7 Kf8 42. Ke3 Rc3+ 43. Kf4 Rc4 44. Ke4 Rc2 45. f3 Rg2 46.
Kf4 Rd2 47. Ke4 1/2-1/2

[Event "España tch - División de Honor 2012"]
[Site "Leon ESP"]
[Date "2012.11.07"]
[Round "3.12"]
[White "Fluvia Poyatos, Joan"]
[Black "Van Wely, Loek"]
[Result "1/2-1/2"]
[WhiteElo "2490"]
[BlackElo "2691"]
[PlyCount "122"]
[EventDate "2012.11.05"]
[EventType "team"]
[EventRounds "7"]
[EventCountry "ESP"]
[Source "lmi"]
[SourceDate "2012.11.05"]
[WhiteTeam "C.E. Barcelona Uga"]
[BlackTeam "Gros Xake-Taldea"]

1. e4 c5 2. Nf3 d6 3. d4 cxd4 4. Nxd4 Nf6 5. Nc3 a6 6. Bg5 Nbd7 7. f4 Qc7 8.
Qe2 e6 9. O-O-O b5 10. f5 e5 11. Nd5 Nxd5 12. exd5 Nb6 13. Qh5 Be7 14. Bxe7
Qxe7 15. Nc6 Qf6 16. Bd3 Qh6+ 17. Qxh6 gxh6 18. f6 Nxd5 19. Be4 Nxf6 20. Rxd6
Be6 21. Bf5 Bxf5 22. Rxf6 Bg6 23. Nxe5 O-O 24. Rhf1 a5 25. R1f2 Kg7 26. Rb6
Rab8 27. Rxb8 Rxb8 28. Nc6 Ra8 29. Nd4 b4 30. Nf5+ Bxf5 31. Rxf5 Ra6 32. c3
bxc3 33. bxc3 Kg6 34. Rf3 Rc6 35. Kc2 f5 36. Rf2 a4 37. a3 Kg5 38. Rd2 f4 39.
Rd5+ Kg4 40. Rd4 Kf5 41. g3 fxg3 42. hxg3 Rg6 43. Rf4+ Ke5 44. Rxa4 Rxg3 45.
Rh4 Rg6 46. Kb3 Kf5 47. a4 Kg5 48. Rh1 Rb6+ 49. Kc4 Rb8 50. a5 Rc8+ 51. Kb4
Rb8+ 52. Ka4 Rc8 53. Rg1+ Kf4 54. Rc1 h5 55. a6 h4 56. Kb5 Rb8+ 57. Kc6 Rb3 58.
a7 Ra3 59. Kb7 Rb3+ 60. Kc8 Ra3 61. Kb7 Rb3+ 1/2-1/2

[Event "España tch - División de Honor 2012"]
[Site "Leon ESP"]
[Date "2012.11.07"]
[Round "3.14"]
[White "Asis Gargatagli, Hipolito"]
[Black "Hamdouchi, Hichem"]
[Result "1/2-1/2"]
[WhiteElo "2474"]
[BlackElo "2623"]
[PlyCount "102"]
[EventDate "2012.11.05"]
[EventType "team"]
[EventRounds "7"]
[EventCountry "ESP"]
[Source "lmi"]
[SourceDate "2012.11.05"]
[WhiteTeam "C.E. Barcelona Uga"]
[BlackTeam "Gros Xake-Taldea"]

1. e4 c5 2. Nf3 d6 3. d4 cxd4 4. Nxd4 Nf6 5. Nc3 g6 6. Be3 Bg7 7. f3 a6 8. Qd2
Nbd7 9. O-O-O b5 10. Kb1 Bb7 11. g4 Nb6 12. Bd3 Rc8 13. Nce2 Qc7 14. Bh6 Bxh6
15. Qxh6 Na4 16. c3 Qb6 17. Bc2 Nc5 18. h4 Rf8 19. h5 Rd8 20. hxg6 hxg6 21. Qg7
Kd7 22. b4 Na4 23. e5 Nd5 24. exd6 Naxc3+ 25. Nxc3 Nxc3+ 26. Ka1 Nxd1 27. dxe7
Kxe7 28. Rxd1 Rd5 29. Re1+ Kd7 30. Ne6 Rd8 31. Nxd8 Kxd8 32. Qf8+ Kc7 33. Re7+
Rd7 34. Rxd7+ Kxd7 35. Qxf7+ Kd8 36. Qf8+ Kd7 37. Qg7+ Kd8 38. Qh8+ Kd7 39.
Qg7+ Kd8 40. f4 Bf3 41. g5 Qe3 42. Qf6+ Kd7 43. Kb2 Qd2 44. a3 Be4 45. Qg7+ Kd8
46. Qf6+ Kd7 47. Qg7+ Kd8 48. Qc3 Qf2 49. Qc5 Qd2 50. Qc3 Qf2 51. Qc5 Qd2
1/2-1/2

[Event "España tch - División de Honor 2012"]
[Site "Leon ESP"]
[Date "2012.11.07"]
[Round "3.16"]
[White "Alexandrova, Olga"]
[Black "Franco Alonso, Alejandro"]
[Result "1/2-1/2"]
[WhiteElo "2409"]
[BlackElo "2476"]
[PlyCount "107"]
[EventDate "2012.11.05"]
[EventType "team"]
[EventRounds "7"]
[EventCountry "ESP"]
[Source "lmi"]
[SourceDate "2012.11.05"]
[WhiteTeam "C.E. Barcelona Uga"]
[BlackTeam "Gros Xake-Taldea"]

1. d4 Nf6 2. c4 e6 3. Nc3 d5 4. cxd5 exd5 5. Bg5 Be7 6. e3 O-O 7. Bd3 c6 8. Qc2
h6 9. Bh4 Nh5 10. Bxe7 Qxe7 11. Nge2 Re8 12. h3 Nf6 13. Ng3 Be6 14. O-O Nbd7
15. Rab1 a5 16. a3 Qd6 17. Rfc1 b5 18. a4 b4 19. Nce2 Rec8 20. Qd1 Rc7 21. Nf5
Qf8 22. Nf4 Rac8 23. Nh5 g6 24. Nxf6+ Nxf6 25. Ng3 c5 26. dxc5 Rxc5 27. Rxc5
Rxc5 28. Ne2 Bd7 29. Rc1 Rxc1 30. Nxc1 Qc5 31. Ne2 Kf8 32. Bc2 Ke7 33. Bb3 Bc6
34. Nf4 Bb7 35. Nd3 Qc7 36. f3 h5 37. h4 Kf8 38. Nf4 Qc5 39. Kf2 Ke7 40. g3 Ba8
41. Ne2 Bc6 42. Qd4 Qxd4 43. exd4 Nd7 44. Bc2 Nb6 45. b3 Bd7 46. Ke3 Na8 47.
Nf4 Nc7 48. Bd1 Kf6 49. Nd3 Ne6 50. Nc5 Bc8 51. Nxe6 Bxe6 52. g4 hxg4 53. fxg4
g5 54. h5 1/2-1/2

[Event "España tch - División de Honor 2012"]
[Site "Leon ESP"]
[Date "2012.11.07"]
[Round "3.23"]
[White "Ganguly, Surya Shekhar"]
[Black "Valdes, Leonardo"]
[Result "1-0"]
[WhiteElo "2619"]
[BlackElo "2414"]
[PlyCount "73"]
[EventDate "2012.11.05"]
[EventType "team"]
[EventRounds "7"]
[EventCountry "ESP"]
[Source "lmi"]
[SourceDate "2012.11.05"]
[WhiteTeam "C.A. Solvay"]
[BlackTeam "C.E. Foment Martinenc"]

1. d4 Nf6 2. c4 g6 3. Nc3 Bg7 4. e4 d6 5. f3 O-O 6. Nge2 c5 7. Be3 Nc6 8. d5
Ne5 9. Ng3 e6 10. Be2 exd5 11. cxd5 a6 12. a4 Bd7 13. O-O b5 14. h3 Qe7 15. Qc2
Rab8 16. axb5 Bxb5 17. Nxb5 axb5 18. Rae1 Ne8 19. f4 Nc4 20. Bxc4 bxc4 21. e5
f5 22. Kh2 Qh4 23. Qc1 Kh8 24. Bf2 Qd8 25. Re2 dxe5 26. Bxc5 Rf7 27. Qxc4 e4
28. d6 Rfb7 29. Rd1 Nf6 30. b4 Nd7 31. Rc2 Qh4 32. Ne2 g5 33. Bd4 Nf8 34. Qd5
gxf4 35. Rc8 h6 36. d7 f3 37. d8=Q 1-0

[Event "España tch - División de Honor 2012"]
[Site "Leon ESP"]
[Date "2012.11.07"]
[Round "3.24"]
[White "L'Ami, Alina"]
[Black "Delchev, Aleksander"]
[Result "1/2-1/2"]
[WhiteElo "2381"]
[BlackElo "2587"]
[PlyCount "80"]
[EventDate "2012.11.05"]
[EventType "team"]
[EventRounds "7"]
[EventCountry "ESP"]
[Source "lmi"]
[SourceDate "2012.11.05"]
[WhiteTeam "C.E. Foment Martinenc"]
[BlackTeam "C.A. Solvay"]

1. d4 Nf6 2. c4 e6 3. Nc3 Bb4 4. Qc2 c5 5. dxc5 Bxc5 6. Nf3 Qb6 7. e3 Qc7 8.
Be2 b6 9. O-O Bb7 10. e4 Nc6 11. Bg5 Ng4 12. Nb5 Qb8 13. Bh4 a6 14. Bg3 d6 15.
Nc3 Nge5 16. a3 Nxf3+ 17. Bxf3 a5 18. Bh5 O-O 19. Kh1 g6 20. Bd1 f5 21. exf5
Nd4 22. Qd3 Nxf5 23. Bg4 e5 24. Nd5 Nxg3+ 25. fxg3 Bxd5 26. Qxd5+ Kh8 27. Rf3
Rxf3 28. gxf3 Qf8 29. Re1 Re8 30. Kg2 Qf6 31. Re2 h5 32. Bd7 Rf8 33. Qe4 Qg5
34. Ba4 Rf6 35. Bd1 Kg7 36. h4 Qc1 37. Qc2 Qxc2 38. Bxc2 Kh6 39. Be4 g5 40.
hxg5+ Kxg5 1/2-1/2

[Event "España tch - División de Honor 2012"]
[Site "Leon ESP"]
[Date "2012.11.07"]
[Round "3.25"]
[White "Ubilava, Elizbar"]
[Black "Granados Gomez, Manuel"]
[Result "1-0"]
[WhiteElo "2509"]
[BlackElo "2374"]
[PlyCount "43"]
[EventDate "2012.11.05"]
[EventType "team"]
[EventRounds "7"]
[EventCountry "ESP"]
[Source "lmi"]
[SourceDate "2012.11.05"]
[WhiteTeam "C.A. Solvay"]
[BlackTeam "C.E. Foment Martinenc"]

1. d4 d5 2. c4 c6 3. Nf3 Nf6 4. Nc3 dxc4 5. a4 Bf5 6. Ne5 Nbd7 7. Nxc4 Nd5 8.
f3 e5 9. e4 exd4 10. exd5 cxd5 11. Nxd5 Nc5 12. Qxd4 Be6 13. Nce3 a6 14. Bc4
Bxd5 15. Qxd5 Qc7 16. O-O Bd6 17. Qg5 Bxh2+ 18. Kh1 h6 19. Qxg7 O-O-O 20. Nd5
Qd6 21. f4 Rhg8 22. Qf6 1-0

[Event "España tch - División de Honor 2012"]
[Site "Leon ESP"]
[Date "2012.11.07"]
[Round "3.26"]
[White "Sanchez Ibern, Marc"]
[Black "De La Villa Garcia, Jesus Maria"]
[Result "1/2-1/2"]
[WhiteElo "2332"]
[BlackElo "2463"]
[PlyCount "60"]
[EventDate "2012.11.05"]
[EventType "team"]
[EventRounds "7"]
[EventCountry "ESP"]
[Source "lmi"]
[SourceDate "2012.11.05"]
[WhiteTeam "C.E. Foment Martinenc"]
[BlackTeam "C.A. Solvay"]

1. e4 c5 2. Nf3 Nf6 3. e5 Nd5 4. c4 Nc7 5. d4 cxd4 6. Nxd4 Nc6 7. Nf3 g6 8. Bd3
Bg7 9. Qe2 d6 10. exd6 Qxd6 11. Nbd2 Ne6 12. Ne4 Qb4+ 13. Qd2 Nf4 14. Bf1 Bf5
15. a3 Qxd2+ 16. Nfxd2 Nd4 17. Ra2 Nc2+ 18. Kd1 Nd4 19. f3 O-O-O 20. b4 Nb3 21.
Bb2 e5 22. Bc3 Bxe4 23. fxe4 Ne6 24. Rb2 Nxd2 25. Rxd2 Bh6 26. Rd5 Nf4 27.
Rxd8+ Rxd8+ 28. Kc2 Ne6 29. Bxe5 Rd2+ 30. Kb3 Nd4+ 1/2-1/2

[Event "España tch - División de Honor 2012"]
[Site "Leon ESP"]
[Date "2012.11.07"]
[Round "3.42"]
[White "Shimanov, Alexandr"]
[Black "Sargissian, Gabriel"]
[Result "1/2-1/2"]
[WhiteElo "2597"]
[BlackElo "2679"]
[PlyCount "61"]
[EventDate "2012.11.05"]
[EventType "team"]
[EventRounds "7"]
[EventCountry "ESP"]
[Source "lmi"]
[SourceDate "2012.11.05"]
[WhiteTeam "C.A. Reverte Albox"]
[BlackTeam "Linex-Magic Extremadura"]

1. d4 Nf6 2. Nf3 e6 3. c4 d5 4. Nc3 Be7 5. Bg5 h6 6. Bxf6 Bxf6 7. e3 O-O 8. Rc1
c6 9. Bd3 Nd7 10. cxd5 exd5 11. b4 Nb6 12. b5 cxb5 13. Bxb5 Be6 14. O-O Rc8 15.
Nd2 Be7 16. Qb3 Qd6 17. Ne2 Qb4 18. Nf3 Bf5 19. Ne5 Qxb3 20. axb3 f6 21. g4
fxe5 22. gxf5 a6 23. Rxc8 Rxc8 24. Bd3 e4 25. Bb1 Bg5 26. Kg2 Kf7 27. f3 exf3+
28. Kxf3 Re8 29. e4 dxe4+ 30. Bxe4 Re7 31. Rd1 1/2-1/2

[Event "España tch - División de Honor 2012"]
[Site "Leon ESP"]
[Date "2012.11.07"]
[Round "3.44"]
[White "Goganov, Aleksey"]
[Black "Ter-Sahakyan, Samvel"]
[Result "1-0"]
[WhiteElo "2530"]
[BlackElo "2580"]
[PlyCount "69"]
[EventDate "2012.11.05"]
[EventType "team"]
[EventRounds "7"]
[EventCountry "ESP"]
[Source "lmi"]
[SourceDate "2012.11.05"]
[WhiteTeam "C.A. Reverte Albox"]
[BlackTeam "Linex-Magic Extremadura"]

1. d4 d5 2. c4 c6 3. Nf3 Nf6 4. Nc3 e6 5. Bg5 h6 6. Bh4 dxc4 7. e4 g5 8. Bg3 b5
9. Be2 Bb7 10. Qc2 Nbd7 11. Rd1 Be7 12. h4 g4 13. Ne5 Rg8 14. O-O Nh5 15. Nxg4
Bxh4 16. Bh2 Nhf6 17. Ne3 Bg5 18. f4 Bh4 19. e5 Nd5 20. Nexd5 exd5 21. Qh7 Rf8
22. Qxh6 Be7 23. Bh5 Qb6 24. e6 Nf6 25. exf7+ Kd7 26. Bg6 Qd8 27. Rfe1 Kc7 28.
f5+ Kb6 29. Qf4 Rc8 30. Re6 b4 31. Rde1 bxc3 32. Rxe7 Ne4 33. R7xe4 dxe4 34.
bxc3 Rh8 35. Ra1 1-0

[Event "España tch - División de Honor 2012"]
[Site "Leon ESP"]
[Date "2012.11.07"]
[Round "3.46"]
[White "Rubio Tapia, Jose Juan"]
[Black "Garcia-Ortega Mendez, Jose M"]
[Result "0-1"]
[WhiteElo "2115"]
[BlackElo "2307"]
[PlyCount "54"]
[EventDate "2012.11.05"]
[EventType "team"]
[EventRounds "7"]
[EventCountry "ESP"]
[Source "lmi"]
[SourceDate "2012.11.05"]
[WhiteTeam "C.A. Reverte Albox"]
[BlackTeam "Linex-Magic Extremadura"]

1. d4 Nf6 2. c4 e6 3. Nf3 b6 4. g3 Ba6 5. b3 Bb4+ 6. Bd2 Be7 7. Bg2 c6 8. O-O
d5 9. Ne5 Nfd7 10. Qc2 Nxe5 11. dxe5 dxc4 12. Rc1 O-O 13. bxc4 Qc7 14. Qe4 Nd7
15. Qxc6 Rac8 16. Qa4 Nc5 17. Qc2 Qxe5 18. Bc3 Qh5 19. Bf3 Qh3 20. Bg2 Qg4 21.
Bf3 Qxc4 22. Nd2 Qa4 23. Qb2 f6 24. Nb3 Ne4 25. Bxe4 Qxe4 26. Nd4 Rfd8 27. Nb5
Bc5 0-1

[Event "España tch - División de Honor 2012"]
[Site "Leon ESP"]
[Date "2012.11.08"]
[Round "4.12"]
[White "Shimanov, Alexandr"]
[Black "Fluvia Poyatos, Joan"]
[Result "1-0"]
[WhiteElo "2597"]
[BlackElo "2490"]
[PlyCount "110"]
[EventDate "2012.11.05"]
[EventType "team"]
[EventRounds "7"]
[EventCountry "ESP"]
[Source "lmi"]
[SourceDate "2012.11.05"]
[WhiteTeam "C.A. Reverte Albox"]
[BlackTeam "C.E. Barcelona Uga"]

1. d4 Nf6 2. c4 e6 3. g3 Bb4+ 4. Bd2 c5 5. Bxb4 cxb4 6. Bg2 O-O 7. Nf3 d6 8.
O-O Qb6 9. a3 Nc6 10. axb4 Qxb4 11. b3 e5 12. d5 Nb8 13. Ne1 Bf5 14. Nd3 Bxd3
15. Qxd3 Na6 16. Qc3 Nd7 17. Ra4 Qxc3 18. Nxc3 Ndc5 19. Ra3 Rfd8 20. Na2 Nd7
21. Rc1 Nc7 22. b4 b6 23. Bh3 Kf8 24. e4 Nf6 25. f3 g5 26. Bf5 a5 27. bxa5 bxa5
28. Nc3 Rdb8 29. Rca1 Rb4 30. c5 dxc5 31. Rxa5 Rxa5 32. Rxa5 Rc4 33. d6 Nce8
34. Ra8 Rxc3 35. d7 Rd3 36. d8=Q Rxd8 37. Rxd8 Ke7 38. Rc8 Kd6 39. Bxh7 Ng7 40.
Bf5 Nxf5 41. exf5 g4 42. Kf2 e4 43. fxe4 Nxe4+ 44. Ke3 Kd5 45. Kf4 Nd6 46. Rc7
c4 47. Kxg4 Kd4 48. Kf3 Nxf5 49. Rxf7 c3 50. Ke2 c2 51. Kd2 Ne3 52. Rd7+ Kc4
53. Rc7+ Kd4 54. Rxc2 Nf1+ 55. Ke1 Kd5 1-0

[Event "España tch - División de Honor 2012"]
[Site "Leon ESP"]
[Date "2012.11.08"]
[Round "4.16"]
[White "Rubio Tapia, Jose Juan"]
[Black "Alexandrova, Olga"]
[Result "0-1"]
[WhiteElo "2115"]
[BlackElo "2409"]
[PlyCount "66"]
[EventDate "2012.11.05"]
[EventType "team"]
[EventRounds "7"]
[EventCountry "ESP"]
[Source "lmi"]
[SourceDate "2012.11.05"]
[WhiteTeam "C.A. Reverte Albox"]
[BlackTeam "C.E. Barcelona Uga"]

1. d4 Nf6 2. c4 e6 3. Nf3 b6 4. a3 Ba6 5. Qc2 c5 6. d5 exd5 7. cxd5 d6 8. Nc3
g6 9. Bg5 Bg7 10. Qa4+ b5 11. Nxb5 O-O 12. Nc3 h6 13. Bf4 g5 14. Bc1 Bb7 15. e4
Qe7 16. Be3 Nxe4 17. Nxe4 f5 18. Bd3 fxe4 19. Qxe4 Qxe4 20. Bxe4 Nd7 21. O-O-O
Nb6 22. Kb1 Rab8 23. h4 g4 24. Ne1 Na4 25. Nd3 Nc3+ 26. bxc3 Bxd5+ 27. Kc1 Bxe4
28. Kd2 Rb3 29. Rc1 Rxa3 30. Nf4 Ra2+ 31. Ke1 Be5 32. Nh5 Kh7 33. Rg1 Bg6 0-1

[Event "España tch - División de Honor 2012"]
[Site "Leon ESP"]
[Date "2012.11.08"]
[Round "4.23"]
[White "Fier, Alexandr"]
[Black "Svetushkin, Dmitry"]
[Result "1/2-1/2"]
[WhiteElo "2567"]
[BlackElo "2589"]
[PlyCount "76"]
[EventDate "2012.11.05"]
[EventType "team"]
[EventRounds "7"]
[EventCountry "ESP"]
[Source "lmi"]
[SourceDate "2012.11.05"]
[WhiteTeam "Equigoma Caja Social Catolica"]
[BlackTeam "Linex-Magic Extremadura"]

1. d4 d5 2. c4 c6 3. Nf3 Nf6 4. Nc3 dxc4 5. a4 e6 6. e4 Bb4 7. Bxc4 Nxe4 8. O-O
Nf6 9. Qe2 Nbd7 10. Rd1 Nb6 11. Bb3 Nbd5 12. Rd3 b6 13. Bc4 Bb7 14. Ne5 O-O 15.
Rg3 Re8 16. Bg5 Be7 17. Re1 c5 18. Bd3 Nxc3 19. bxc3 cxd4 20. Bxf6 Bxf6 21. Qh5
Bxe5 22. Bxh7+ Kf8 23. Qxe5 Qf6 24. Qd6+ Re7 25. Be4 Bxe4 26. Rxe4 dxc3 27. Rh3
Kg8 28. Reh4 g6 29. Rh8+ Qxh8 30. Rxh8+ Kxh8 31. Qxe7 Rc8 32. Qd7 Rc5 33. Qxf7
c2 34. Qf8+ Kh7 35. Qe7+ Kh6 36. Qh4+ Kg7 37. Qe7+ Kh6 38. Qh4+ Kg7 1/2-1/2

[Event "España tch - División de Honor 2012"]
[Site "Leon ESP"]
[Date "2012.11.08"]
[Round "4.24"]
[White "Ter-Sahakyan, Samvel"]
[Black "Castellanos Rodriguez, Renier"]
[Result "1/2-1/2"]
[WhiteElo "2580"]
[BlackElo "2515"]
[PlyCount "122"]
[EventDate "2012.11.05"]
[EventType "team"]
[EventRounds "7"]
[EventCountry "ESP"]
[Source "lmi"]
[SourceDate "2012.11.05"]
[WhiteTeam "Linex-Magic Extremadura"]
[BlackTeam "Equigoma Caja Social Catolica"]

1. e4 c5 2. Nf3 e6 3. d4 cxd4 4. Nxd4 a6 5. Bd3 Bc5 6. Nb3 Be7 7. Qg4 g6 8. Qe2
d6 9. c4 Nd7 10. Nc3 b6 11. O-O Qc7 12. a4 Ne5 13. a5 Nf6 14. axb6 Qxb6 15. Na5
O-O 16. Be3 Qc7 17. h3 Bd7 18. Rfb1 Rfc8 19. Bd4 Rab8 20. b4 Nh5 21. Qd1 Nxd3
22. Qxd3 Be8 23. Qe3 Bf6 24. Ra2 Bxd4 25. Qxd4 Qb6 26. Qd3 Nf6 27. Rd2 Rd8 28.
Kh1 Kg7 29. f3 Kg8 30. Nd1 Qc7 31. Ne3 h5 32. Qd4 Qe7 33. Kg1 Kh7 34. Qc3 h4
35. Rbd1 Nh5 36. Nb3 Ba4 37. Ra1 Bxb3 38. Qxb3 Qg5 39. Qc3 Rxb4 40. Qxb4 Qxe3+
41. Rf2 Qd4 42. Qb2 Qxc4 43. Qd2 Qc5 44. Rxa6 Rb8 45. Ra1 Ng3 46. Re1 Kg8 47.
Qc2 Qd4 48. Kh2 d5 49. exd5 Qxd5 50. Qa4 Nf5 51. Qf4 Rd8 52. Rb2 Kg7 53. Rb8
Qd6 54. Qxd6 Rxd6 55. Rb7 Ng3 56. Rb4 Nf5 57. Rb7 Ng3 58. Rb2 Rd3 59. Rb4 Nf5
60. Rb2 Ng3 61. Rb4 Nf5 1/2-1/2

[Event "España tch - División de Honor 2012"]
[Site "Leon ESP"]
[Date "2012.11.08"]
[Round "4.25"]
[White "Alvarez Marquez, Johann"]
[Black "Perez Candelario, Manuel"]
[Result "1/2-1/2"]
[WhiteElo "2407"]
[BlackElo "2579"]
[PlyCount "178"]
[EventDate "2012.11.05"]
[EventType "team"]
[EventRounds "7"]
[EventCountry "ESP"]
[Source "lmi"]
[SourceDate "2012.11.05"]
[WhiteTeam "Equigoma Caja Social Catolica"]
[BlackTeam "Linex-Magic Extremadura"]

1. d4 d6 2. Nf3 g6 3. c4 Bg7 4. Nc3 e5 5. e4 Nc6 6. Bg5 f6 7. Be3 Nh6 8. h3 Nf7
9. dxe5 dxe5 10. c5 Be6 11. Bb5 a6 12. Bxc6+ bxc6 13. Qa4 Bd7 14. O-O-O O-O 15.
Rd3 Qc8 16. Rhd1 Rd8 17. Nd2 Be8 18. Nb3 Rxd3 19. Rxd3 a5 20. Rd1 Qa6 21. Nd2
Bf8 22. b3 Be7 23. Qc4 Qc8 24. Na4 Bd7 25. Qc3 Be6 26. Kb2 Qa6 27. Rc1 Nd8 28.
Nc4 Bf7 29. g3 Qc8 30. g4 Nb7 31. f3 Qf8 32. Na3 Rd8 33. Kc2 Be6 34. Rd1 Ra8
35. Rd2 Rd8 36. Rd1 Rxd1 37. Kxd1 Kf7 38. Nc4 Qa8 39. g5 Qa6 40. gxf6 Bxf6 41.
Nab2 Kg7 42. h4 h6 43. a4 Nd8 44. Bf2 Nf7 45. Qxa5 Qc8 46. Qd2 g5 47. hxg5 Nxg5
48. Ke2 Bf7 49. Qc3 Qh3 50. Nd2 Be6 51. a5 Bc8 52. Qd3 Qg2 53. Ke1 Qh1+ 54. Ke2
Nh3 55. Be3 Bg5 56. Qc3 Bf4 57. Nbc4 Ba6 58. Kd3 Qd1 59. Qb2 h5 60. Bxf4 Nxf4+
61. Kc3 Kf6 62. Qc2 Qa1+ 63. Kb4 Qd4 64. Ka3 Nd3 65. Qd1 Qxc5+ 66. Ka2 Nb4+ 67.
Kb1 Qd4 68. Qe2 Qc3 69. Qd1 h4 70. Qc1 Qd3+ 71. Ka1 h3 72. Nf1 Qd4+ 73. Kb1
Qd3+ 74. Ka1 Bxc4 75. bxc4 Kg6 76. Nh2 Qb3 77. Qb2 Qd1+ 78. Qb1 Qd4+ 79. Qb2
Qd1+ 80. Qb1 Qd4+ 81. Qb2 Qg1+ 82. Qb1 Nc2+ 83. Kb2 Qxh2 84. Kc3 Nd4 85. a6 Qf2
86. Kb4 Nc2+ 87. Kc3 Nd4 88. Kb4 Ne6 89. Qa1 Qb6+ 1/2-1/2